Погоня за электричеством: повести

Bibliographische Detailangaben
1. Verfasser: Ялымов М. П. Михаил Петрович
Weitere Verfasser: Геращенко М. В. (иллюстратор)
Zusammenfassung:Исключено из фонда НТБ ТПУ
Sprache:Russisch
Veröffentlicht: Харьков, Прапор, 1990
Format: MixedMaterials Buch
KOHA link:https://koha.lib.tpu.ru/cgi-bin/koha/opac-detail.pl?biblionumber=153032

MARC

LEADER 00000nam0a2200000 4500
001 153032
005 20231031151228.0
010 |a 5776602440 
020 |a RU  |b 90-41672 
035 |a (RuTPU)RU\TPU\book\165926 
090 |a 153032 
100 |a 20090209d1990 m y0rusy5003 ca 
101 0 |a rus 
102 |a UA 
105 |a a z 000ay 
200 1 |a Погоня за электричеством  |e повести  |f М. П. Ялымов  |g худож. М. В. Геращенко 
210 |a Харьков  |c Прапор  |d 1990 
215 |a 222 с.  |c ил. 
333 |a Исключено из фонда НТБ ТПУ 
700 1 |a Ялымов  |b М. П.  |g Михаил Петрович 
702 1 |a Геращенко  |b М. В.  |4 440 
801 0 |a RU  |b RuMRKP  |c 19950417  |g psbo 
801 1 |a RU  |b 63413507  |c 20090209  |g PSBO 
801 2 |a RU  |b 63413507  |c 20220517  |g PSBO 
942 |c BK